Análisis de beneficios de la cuantificación de la Huella de Carbono mediante un modelo BIM del edificio del Ciclotrón de la Universidad de Costa Rica
Salvato in:
| Autore principale: | |
|---|---|
| Altri autori: | |
| Natura: | Libro |
| Lingua: | Spanish |
| Pubblicazione: |
[San José], Costa Rica,
2021
|
| Soggetti: | |
| Tags: |
Aggiungi Tag
Nessun Tag, puoi essere il primo ad aggiungerne!!
|
MARC
| LEADER | 00000nam a2200000Ia 4500 | ||
|---|---|---|---|
| 003 | 013366 | ||
| 005 | 20230328081919.0 | ||
| 008 | 140116s2021 cr a 000 ||spa d | ||
| 040 | |c cru CEDI | ||
| 100 | |a Bedoya Cadavid, Camilo, 1997- |9 94 | ||
| 245 | |a Análisis de beneficios de la cuantificación de la Huella de Carbono mediante un modelo BIM del edificio del Ciclotrón de la Universidad de Costa Rica | ||
| 260 | |a [San José], Costa Rica, |c 2021 | ||
| 500 | |a Proyecto de graduación (licenciatura en ingeniería civil)--Universidad de Costa Rica. Facultad de Ingeniería. Escuela de Ingeniería Civil | ||
| 501 | |a Director de Proyecto de Graduación: Ing. Carlos Castro Campos, MSc. | ||
| 610 | |x UNIVERSIDAD DE COSTA RICA. CENTRO DE INVESTIGACION EN CIENCIAS ATOMICAS, NUCLEARES Y MOLECULARES. EDIFICIO DEL CICLOTRÓN |x UNIVERSIDAD DE COSTA RICA - EDIFICIOS | ||
| 650 | |x MODELADO DE INFORMACION DE CONSTRUCCION |x CARBONO - MEDICIONES |x INGENIERIA SOSTENIBLE |x CONSTRUCCION SOSTENIBLE |x GASES DEL EFECTO INVERNADERO |x CAMBIOS CLIMATICOS |x EDIFICIOS SOSTENIBLES - COSTA RICA | ||
| 700 | |9 95 |a Castro Campos, Carlos |d Director del TFG | ||
| 942 | |c CEDI |h TFG 8517 |6 TFG_8517_000000000000000 | ||
| 999 | |c 21868 |d 21868 | ||
